Mastering coral draws , covers all of the coral draw modulas with preview coverage of ventura5 (Record no. 575517)
[ view plain ]
| 000 -LEADER | |
|---|---|
| fixed length control field | 00501nam a22001817a 4500 |
| 003 - CONTROL NUMBER IDENTIFIER | |
| control field | CEME |
| 005 - DATE AND TIME OF LATEST TRANSACTION | |
| control field | 20210628203917.0 |
| 008 - FIXED-LENGTH DATA ELEMENTS--GENERAL INFORMATION | |
| fixed length control field | 210305b xxu||||| |||| 00| 0 eng d |
| 020 ## - INTERNATIONAL STANDARD BOOK NUMBER | |
| International Standard Book Number | 981-214-290-8 |
| 040 ## - CATALOGING SOURCE | |
| Transcribing agency | . |
| 082 ## - DEWEY DECIMAL CLASSIFICATION NUMBER | |
| Classification number | 005.3 ALT'M |
| 100 ## - MAIN ENTRY--PERSONAL NAME | |
| Personal name | Altman, Rick |
| 9 (RLIN) | 67816 |
| 245 ## - TITLE STATEMENT | |
| Title | Mastering coral draws , covers all of the coral draw modulas with preview coverage of ventura5 |
| 250 ## - EDITION STATEMENT | |
| Edition statement | SPECIAL ED |
| 260 ## - PUBLICATION, DISTRIBUTION, ETC. | |
| Place of publication, distribution, etc. | SINGAPORE |
| Name of publisher, distributor, etc. | TECH/SYBEX |
| Date of publication, distribution, etc. | 1995 |
| 300 ## - PHYSICAL DESCRIPTION | |
| Extent | XIII,1006P |
| 942 ## - ADDED ENTRY ELEMENTS (KOHA) | |
| Koha item type | Book |
| Source of classification or shelving scheme | |
| Withdrawn status | Lost status | Damaged status | Not for loan | Permanent Location | Current Location | Shelving location | Date acquired | Total Checkouts | Full call number | Barcode | Date last seen | Price effective from | Koha item type |
|---|---|---|---|---|---|---|---|---|---|---|---|---|---|
| College of Electrical & Mechanical Engineering (CEME) | College of Electrical & Mechanical Engineering (CEME) | General Stacks | 08/01/2017 | 005.3 ALT'M | CEME-29059 | 06/28/2021 | 06/28/2021 | Book |
